<?xml version="1.0" encoding="UTF-8"?>
<collection xmlns="http://www.loc.gov/MARC21/slim">
 <record>
  <leader>     na                 </leader>
  <controlfield tag="001">INLIS000000000001894</controlfield>
  <controlfield tag="005">20260210110434</controlfield>
  <controlfield tag="008">260210                g          0 ind  </controlfield>
  <datafield tag="020" ind1=" " ind2=" ">
   <subfield code="a">979-24-5614-7</subfield>
  </datafield>
  <datafield tag="035" ind1=" " ind2=" ">
   <subfield code="a">0010-0621001494</subfield>
  </datafield>
  <datafield tag="082" ind1=" " ind2=" ">
   <subfield code="a">781.02</subfield>
  </datafield>
  <datafield tag="084" ind1=" " ind2=" ">
   <subfield code="a">781.02 TIM m</subfield>
  </datafield>
  <datafield tag="110" ind1="0" ind2=" ">
   <subfield code="a">Tim Nuansa</subfield>
  </datafield>
  <datafield tag="245" ind1="1" ind2=" ">
   <subfield code="a">Memahami Musik Dan Suara</subfield>
  </datafield>
  <datafield tag="250" ind1=" " ind2=" ">
   <subfield code="a">Cetakan 1</subfield>
  </datafield>
  <datafield tag="260" ind1=" " ind2=" ">
   <subfield code="a">Bandung :</subfield>
   <subfield code="b">Jembar,</subfield>
   <subfield code="c">2007</subfield>
  </datafield>
  <datafield tag="300" ind1=" " ind2=" ">
   <subfield code="a">82 halaman :</subfield>
   <subfield code="b">Ilustrasi ;</subfield>
   <subfield code="c">21 cm.</subfield>
  </datafield>
  <datafield tag="502" ind1=" " ind2=" ">
   <subfield code="a">Indeks : 80-82 halaman</subfield>
  </datafield>
  <datafield tag="505" ind1=" " ind2=" ">
   <subfield code="a">Pengertian Musik dan Suara  &#13;
Penjelasan dasar tentang apa itu musik, unsur-unsurnya, serta bagaimana suara terbentuk sebagai gelombang bunyi.&#13;
&#13;
Unsur-Unsur Musik  &#13;
Melodi, harmoni, ritme, tempo, dinamika, dan bagaimana masing-masing unsur membentuk karya musik.&#13;
&#13;
Ilmu Akustik  &#13;
Sifat suara sebagai gelombang: frekuensi, amplitudo, resonansi, timbre, serta cara manusia mendengar dan memproses suara.&#13;
&#13;
Hubungan Musik dan Suara  &#13;
Bagaimana suara diolah menjadi musik, peran instrumen, serta teknik vokal dalam menghasilkan ekspresi musikal.&#13;
&#13;
Fungsi Musik dalam Kehidupan  &#13;
Musik sebagai hiburan, sarana ekspresi, media komunikasi, dan bagian dari budaya masyarakat.&#13;
&#13;
Latihan dan Contoh Praktis  &#13;
Ilustrasi, contoh notasi, serta latihan sederhana untuk membantu pembaca memahami teori sekaligus praktik.</subfield>
  </datafield>
  <datafield tag="520" ind1=" " ind2=" ">
   <subfield code="a">Buku Memahami Musik dan Suara membahas konsep dasar mengenai musik sebagai seni serta suara sebagai fenomena fisika dan estetika. Materi di dalamnya mencakup pengertian musik, unsur-unsur pembentuk musik (melodi, harmoni, ritme, tempo, dinamika), serta peran suara dalam menciptakan ekspresi musikal. Selain itu, buku ini juga menguraikan aspek teknis seperti sifat gelombang bunyi, frekuensi, resonansi, dan timbre, yang menjadi landasan ilmiah dalam memahami bagaimana suara dihasilkan dan diterima oleh pendengaran manusia. Dengan pendekatan yang menggabungkan teori musik dan ilmu akustik, buku ini memberikan wawasan menyeluruh tentang hubungan antara musik dan suara, baik dari sisi seni maupun sains. Disertai contoh ilustrasi dan latihan, buku ini ditujukan untuk pelajar, musisi, maupun pembaca umum yang ingin memperdalam pengetahuan tentang musik dan suara secara komprehensif.</subfield>
  </datafield>
  <datafield tag="650" ind1=" " ind2="4">
   <subfield code="a">Musik</subfield>
  </datafield>
  <datafield tag="650" ind1=" " ind2="4">
   <subfield code="a">Suara</subfield>
  </datafield>
  <datafield tag="990" ind1=" " ind2=" ">
   <subfield code="a">031817</subfield>
  </datafield>
  <datafield tag="990" ind1=" " ind2=" ">
   <subfield code="a">031818</subfield>
  </datafield>
  <datafield tag="990" ind1=" " ind2=" ">
   <subfield code="a">031819</subfield>
  </datafield>
  <datafield tag="990" ind1=" " ind2=" ">
   <subfield code="a">031820</subfield>
  </datafield>
  <datafield tag="990" ind1=" " ind2=" ">
   <subfield code="a">031821</subfield>
  </datafield>
 </record>
</collection>
